书目信息 |
| 题名: |
中国哲学史
|
|
| 作者: | 任继愈 主编 | |
| 分册: | 第三册 隋唐五代宋元明部分 | |
| 出版信息: | 北京 人民出版社 1979.03 |
|
| 页数: | 374页 | |
| 开本: | 20cm | |
| 丛书名: | ||
| 单 册: | ||
| 中图分类: | B2 | |
| 科图分类: | ||
| 主题词: | 哲学--中国 | |
| 电子资源: | ||
| ISBN: | ||
| 000 | 00608nam0 2200205 45 | |
| 001 | 0303070984 | |
| 005 | 20070731100229.40 | |
| 010 | @dCNY0.87 | |
| 091 | @a2001.117 | |
| 100 | @a20030307d1979 km y0chiy0120 ea | |
| 101 | 0 | @achi |
| 200 | 1 | @a中国哲学史@AZhong Guo Zhe Xue Shi@h第三册@i隋唐五代宋元明部分@f任继愈主编@FRen Ji Yu Zhu Bian |
| 210 | @a北京@c人民出版社@d1979.03 | |
| 215 | @a374页@d20cm | |
| 517 | @a隋唐五代宋元明部分@ASui Tang Wu Dai Song Yuan Ming Bu Fen | |
| 606 | 0 | @a哲学@x中国 |
| 690 | @aB2@v3 | |
| 701 | 0 | @a任继愈@4主编 |
| 801 | @aCN@bTSTC@c20070731 | |
| 905 | @dB2@e1:3@f11@b230908-918 | |
| 中国哲学史.第三册.隋唐五代宋元明部分/任继愈主编.-北京:人民出版社,1979.03 |
| 374页;20cm |
| ISBN :CNY0.87 |
| ● |
| 相关链接 |
|
|
|
|
正题名:中国哲学史
索取号:B2/1:3
 
预约/预借
| 序号 | 登录号 | 条形码 | 馆藏地/架位号 | 状态 | 备注 |
| 1 | 0013060 | 001832565 | 密集书库/ [索取号:B2/1:3] | 在馆 | |
| 2 | 0013062 | 001123634 | 密集书库/ [索取号:B2/1:3] | 在馆 | |
| 3 | 0013351 | 202191216 | 密集书库/ [索取号:B2/1:3] | 在馆 | |
| 4 | 0013353 | 001123616 | 第一样本阅览室/ [索取号:B2/1:3] | 在馆 | |
| 5 | 0230908 | 001759332 | 密集书库/ [索取号:B2/1:3] | 在馆 | |
| 6 | 0230909 | 001759163 | 密集书库/ [索取号:B2/1:3] | 在馆 | |
| 7 | 0230910 | 001759172 | 密集书库/ [索取号:B2/1:3] | 在馆 | |
| 8 | 0230911 | 001759305 | 密集书库/ [索取号:B2/1:3] | 在馆 | |
| 9 | 0230912 | 001759341 | 密集书库/ [索取号:B2/1:3] | 在馆 | |
| 10 | 0230913 | 001759387 | 密集书库/ [索取号:B2/1:3] | 在馆 | |
| 11 | 0230914 | 001759261 | 密集书库/ [索取号:B2/1:3] | 在馆 | |
| 12 | 0230915 | 001759225 | 密集书库/ [索取号:B2/1:3] | 在馆 | |
| 13 | 0230916 | 001759252 | 密集书库/ [索取号:B2/1:3] | 在馆 | |
| 14 | 0230917 | 001759298 | 密集书库/ [索取号:B2/1:3] | 在馆 | |
| 15 | 0230918 | 001759216 | 密集书库/ [索取号:B2/1:3] | 在馆 | |
| 16 | 0787060 | 207870605 | 密集书库/ [索取号:B2/1:3] | 在馆 |